00390nam a22001097a 4500008004100000050001300041245011200054260005700166300001800223700002000241700001900261160909b xxu||||| |||| 00| 0 eng d a213/2008 aComputerized Phamaceutical Stock Control System (web based applicationcNartey Felix K. and Ernest Tolbert aAccra .:bWisconsin International University,c2008. aVarious pgs.: aNartey Felix K. aErnest Tolbert